Szczegóły MARC21

Seksualność człowieka /

003 -Nazwa inst., której nr kontr. jest w polu 001 [,]
    • @
    • Nazwa instytucji, której n kontrolny jest w polu 001
    • NUKAT
005 -DATA I CZAS OSTATNIEJ MODYFIKACJI [,]
    • @
    • pole kontrolne
    • 20241231105808.0
020 -Międzynarod. znormalizowany nr książki - ISBN [ , ]
    • a
    • Numer ISBN
    • 9788376092744 Find
040 -Instytucja sporządzająca opis [ , ]
    • a
    • Instytucja, która sporządziła opis (NP)
    • KR U/42GZ
    • c
    • Instytucja, która sporządziła rekord (NP)
    • KR U/42GZ
    • d
    • Instytucja, która zmodyfikowała rekord (P)
    • KR U/42EN
    • d
    • Instytucja, która zmodyfikowała rekord (P)
    • KR U/42MSs
    • d
    • Instytucja, która zmodyfikowała rekord (P)
    • WR U/ZSs
041 -Język dokumentu [1, ]
    • a
    • Język tekstu (P)
    • polski
    • h
    • Język tekstu oryginalnego i/lub pośredniego (P)
    • angielski
942 -Rodzaj dokumentu [ , ]
    • c
    • Rodzaj dokumentu
    • Książka
100 -Hasło główne - nazwa osobowa [1, ]
    • a
    • Nazwa osobowa (NP)
    • Bancroft, John
    • d
    • Daty biograficzne (NP)
    • (1936- ).
    • 9
    • KHW
    • 47119
240 -Tytuł ujednolicony [1,0]
    • a
    • Tytuł ujednolicony
    • Human sexuality and its problems
    • l
    • Język tekstu
    • (pol.)
    • 9
    • KHW
    • 47123
245 -Strefa tytułu i oznaczenia odpowiedzialności [1,0]
    • a
    • Tytuł
    • Seksualność człowieka / Find
    • c
    • Pozostałe elementy strefy tytułu i oznaczenia odpowiedzialności (NP)
    • John Bancroft ; [tł. z jęz. ang. Rafał Śmietana].
250 -Strefa wydania [ , ]
    • a
    • Oznaczenie wydania (NP)
    • Wyd. 1 pol. /
    • b
    • Ciąg dalszy strefy wydania (NP)
    • red. Zbigniew Lew-Starowicz, Aleksandra Robacha.
260 -Strefa adresu wydawniczego [ , ]
    • a
    • Miejsce wydania (P)
    • Wrocław :
    • b
    • Nazwa wydawcy (P)
    • Elsevier Urban & Partner,
    • c
    • Data wydania (P)
    • cop. 2011.
300 -Strefa opisu fizycznego [ , ]
    • a
    • Określenie formy książki i/lub objętość (NP)
    • XIV, 545 s. :
    • b
    • Oznaczenie ilustracji (NP)
    • il. ;
    • c
    • Format (NP)
    • 30 cm.
336 -Typ zawartości [ , ]
    • a
    • Termin opisujący typ zawartości
    • Tekst
    • b
    • Kod określający zawartość
    • txt
    • 2
    • Źródło (terminu i kodu)
    • rdacontent
337 -Typ mediów [ , ]
    • a
    • Tryb odtwarzania
    • Bez urządzenia pośredniczącego
    • b
    • Kod typu mediów
    • n
    • 2
    • Źródło (terminu i kodu)
    • rdamedia
338 -Typ/rodzaj nośnika [ , ]
    • a
    • Hasło opisujące typ nośnika
    • Wolumin
    • b
    • Kod typu nośnika
    • nc
    • 2
    • Źródło (terminu i kodu)
    • rdacarrier
504 -Uwaga dot. bibliogr. załącznikowej [ , ]
    • a
    • Uwaga dot. bibliografii załącznikowej
    • Bibliogr. przy rozdz. Indeksy.
080 -Uniwersalna Klasyfikacja Dziesiętna [ , ]
    • 2
    • Identyfikator wydania tablic
    • UDC-P058
    • 9
    • UKD
    • 2837
    • a
    • Symbol klasyfikacji
    • 316.83
    • b
    • Dopowiedzenie
    • Zachowania seksualne. Praktyki seksualne.
080 -Uniwersalna Klasyfikacja Dziesiętna [ , ]
    • 2
    • Identyfikator wydania tablic
    • UDC-P058
    • 9
    • UKD
    • 4593
    • a
    • Symbol klasyfikacji
    • 613.88
    • b
    • Dopowiedzenie
    • Higiena życia seksualnego. Wychowanie seksualne. Orientacja seksualna. Homoseksualizm.
080 -Uniwersalna Klasyfikacja Dziesiętna [ , ]
    • 2
    • Identyfikator wydania tablic
    • UDC-P058
    • 9
    • UKD
    • 4558
    • a
    • Symbol klasyfikacji
    • 612.661
    • b
    • Dopowiedzenie
    • Dojrzewanie płciowe (dziewcząt i chłopców). Pokwitanie.
080 -Uniwersalna Klasyfikacja Dziesiętna [ , ]
    • 2
    • Identyfikator wydania tablic
    • UDC-P058
    • 9
    • UKD
    • 4757
    • a
    • Symbol klasyfikacji
    • 616.6
    • b
    • Dopowiedzenie
    • Urologia. Choroby moczowo-płciowe. Życie płciowe mężczyzny. Zaburzenia płciowe. Niepłodność.
080 -Uniwersalna Klasyfikacja Dziesiętna [ , ]
    • 2
    • Identyfikator wydania tablic
    • UDC-P058
    • 9
    • UKD
    • 4796
    • a
    • Symbol klasyfikacji
    • 618.1
    • b
    • Dopowiedzenie
    • Ginekologia. Choroby kobiece. Życie płciowe kobiety. Miesiączkowanie. Zaburzenia płciowe. Przekwitanie. Bezpłodność.
650 -Hasło przedmiotowe [ ,7]
    • a
    • Hasło przedmiotowe
    • Zaburzenia seksualne.
    • 2
    • Źródło terminu
    • kaba
    • 9
    • KHW
    • 137225
650 -Hasło przedmiotowe [ ,7]
    • a
    • Hasło przedmiotowe
    • Seksualność (psychologia).
    • 2
    • Źródło terminu
    • kaba
    • 9
    • KHW
    • 129903
650 -Hasło przedmiotowe [ ,7]
    • a
    • Hasło przedmiotowe
    • Płeć.
    • 2
    • Źródło terminu
    • kaba
    • 9
    • KHW
    • 127195
980 -Symbol UKD [ , ]
    • a
    • UKD
    • 316.83:613.88:612.661:616.6:618.1
700 -Hasło dodatkowe - nazwa osobowa [1, ]
    • a
    • Nazwa osobowa (NP)
    • Lew-Starowicz, Zbigniew Find
    • d
    • Daty biograficzne (NP)
    • (1943-2024).
    • e
    • Określenie rodzaju współpracy
    • Red.
    • 9
    • KHW
    • 13453
700 -Hasło dodatkowe - nazwa osobowa [1, ]
    • a
    • Nazwa osobowa (NP)
    • Robacha, Aleksandra. Find
    • e
    • Określenie rodzaju współpracy
    • Red.
    • 9
    • KHW
    • 47122
700 -Hasło dodatkowe - nazwa osobowa [1, ]
    • a
    • Nazwa osobowa (NP)
    • Śmietana, Rafał. Find
    • e
    • Określenie rodzaju współpracy
    • Tł.
    • 9
    • KHW
    • 47120
710 -Hasło dodatkowe - nazwa ciała zbiorowego [2, ]
    • a
    • Nazwa ciała zbiorowego lub nazwa geograficzna jako pierwszy element (NP)
    • Elsevier, Urban & Partner.
    • 4
    • Kod relacji
    • pbl
    • 9
    • KHW
    • 54094
920 -ISBN [ , ]
    • a
    • ISBN
    • 978-83-7609-274-4 Find
Status udost. Numer inwentarzowy Data inwentaryzacji Lokalizacja
1Z.1164972012-10-15BG
-3WM.138032012-10-15BG
-3WM.138042012-10-15BG